000 00419nam a2200193Ia 4500
001 13423
003 GE_BSU
008 181216s||||||||xx |||||||||||||| ||und||
020 _a9780755300204
040 _cGE_BSU
080 _a821.111-3
100 _aPatterson,james and Drew Cross
245 4 _aThe Jester
260 _aLondon
260 _bHeadline
300 _a532p.20cm.
653 _aThe Jester
942 _cBK
999 _c46583
_d46583